000 01014nam a2200253 u 4500
001 000020961
003 DO-SdBNP
005 20240520204300.0
008 100825s19uu dr abd r 000 0 spa d
040 _aDO-SdBNP
_bspa
_cBNPHU
082 _a305.42
_bB142s
100 1 _aBáez, Clara
_99467
245 1 3 _aLa subordinación social de la mujer dominicana en cifras /
_cClara Báez.
260 _aSanto Domingo :
_bDirección General de Promoción de la mujer,
_bINSTRAW,
_c[199-?].
300 _a117 p. :
_bil., gráficos, mapa ;
_c22 cm.
504 _aBibliografía: p. 115-117
590 _aInventariado, 2018/MFF
650 4 _aMujeres
_zRepública Dominicana
_xCondiciones sociales
_921072
650 0 _aDiscriminación sexual contra las mujeres
_943900
651 4 _aRepública Dominicana
_xPoblación
_91423
710 2 _aInstituto Internacional de las Naciones Unidas para la Investigación, Capacitación y Promoción de la Mujer
_943901
910 _aValidado. Control de calidad MFF
942 _2ddc
_cLBS1
999 _c20464
_d20464